[Event "Kupreichik Memorial Open 2018"]
[Site "Minsk"]
[Date "2018.06.21"]
[Round "1"]
[White "Korobov, Anton"]
[Black "Kirilin, Dmitrij"]
[Result "1-0"]
[WhiteElo "2736"]
[BlackElo "1898"]
[Annotator "TA"]
[PlyCount "49"]
[EventDate "2018.06.21"]
[EventCountry "BLR"]
[SourceTitle "playchess.com"]
[Source "ChessBase"]
[SourceQuality "1"]

{[%evp 19,49,8,39,12,46,28,35,47,57,4,34,37,33,23,73,66,165,100,218,109,353,354,352,348,1318,1308,1284,1200,29991,29990,29993,29984]} 1. d4 d5 2. c4 c6 3. Nf3 Nf6 4. e3 Bf5 5. Nc3 a6 6. a4 e6 {D11: Slav Defence: 3 Nf3 sidelines and 3...Nf6 4 e3 Bg4} 7. Nh4 Be4 8. f3 Bg6 9. Qb3 Qc7 10. Bd2 Nbd7 {LiveBook: 3 Games} 11. Rc1 Rc8 $146 ({Predecessor:} 11... Bd6 12. g3 O-O 13. cxd5 Nxd5 14. Be2 {1-0 (47) Mareco,S (2557)-Georgescu,T (2375) Golden Sands 2013}) 12. Be2 Bd6 13. cxd5 exd5 14. e4 (14. g4 $14) 14... dxe4 15. Nxg6 hxg6 16. fxe4 Bxh2 {[#] aiming for ...Bg3+.} 17. Kd1 Rh4 (17... Rd8 $1 $14) 18. e5 (18. Bg5 $18 Rh7 19. Kc2) 18... Nh5 (18... Rxd4 $16 {was called for.} 19. Rxh2 (19. exf6 Nc5 $11) 19... Nh5) 19. Rf1 $36 {[%mdl 2048] White has strong initiative.} Nf8 $2 {[#]} (19... Nb6 $16 {keeps fighting.}) 20. Nd5 $1 {[%mdl 512]} Qd8 (20... cxd5 21. Rxc7) 21. Qxb7 {[%csl Gf1][%cal Rb7f7]} f6 $2 (21... Qd7 22. Qxd7+ Nxd7) 22. exf6 Nxf6 23. Qxg7 cxd5 24. Rxc8 Qxc8 25. Qxf6 {Precision: White = 55%, Black =  5%.} 1-0

[Event "Kupreichik Memorial Open 2018"]
[Site "Minsk"]
[Date "2018.06.21"]
[Round "1"]
[White "Kovalev, Vladislav"]
[Black "Tyurin, Artem"]
[Result "1-0"]
[WhiteElo "2631"]
[BlackElo "1855"]
[Annotator "TA"]
[PlyCount "88"]
[EventDate "2018.06.21"]
[EventCountry "BLR"]
[SourceTitle "playchess.com"]
[Source "ChessBase"]
[SourceQuality "1"]

{[%evp 12,88,45,15,52,29,57,36,31,-3,54,34,38,-52,-56,-46,-54,-55,-60,-64,-66,-73,-73,-72,-61,-68,-72,-72,-62,-63,-62,-77,-60,-77,-46,-55,-66,-71,-57,-70,0,0,0,-8,-6,-7,0,0,0,0,0,-35,-38,-39,0,0,0,-10,-10,-10,0,0,0,0,0,0,0,0,0,0,0,0,0,0,174,174,29978,29979,29990]} 1. d4 Nf6 2. Bf4 g6 3. Nc3 d5 4. e3 Bg7 5. h4 c5 (5... h5 6. Nf3 Bg4 7. Be2 Bxf3 8. Bxf3 c6 9. Qd2 Nbd7 10. O-O-O b5 11. Kb1 {½-½ (34) Aronian,L (2797)-Vachier Lagrave,M (2793) Caleta 2018}) 6. Nb5 {A45: Trompowsky Attack} Na6 7. c3 {LiveBook: 11 Games} c4 8. b3 {White is slightly better.} cxb3 $146 ({Predecessor:} 8... Be6 9. bxc4 dxc4 10. Nf3 Qa5 11. a4 {1-0 (70) Kleinert,S (2549)-Markus,R (2472) Remote email 2013}) 9. axb3 O-O 10. h5 Bd7 ({Black should try} 10... Nxh5 $11 11. Rxh5 gxh5) 11. hxg6 fxg6 12. Nf3 ({Better is} 12. Bd3 $1 $14) 12... Ne4 $15 13. c4 Bxb5 14. cxb5 Nb4 15. Be2 Rc8 {Threatens to win with ...Nc2+.} 16. O-O ({Wrong is} 16. Rxa7 $2 Nc3 $19) 16... Rc2 17. Bd3 Nc3 18. Bxc2 Nxd1 19. Bxd1 Qb6 20. Be2 Nc2 21. Rac1 {[#]} Nxd4 $1 {[%mdl 512]} 22. Nxd4 (22. exd4 Rxf4) 22... e5 23. Bxe5 Bxe5 24. Rfd1 Rd8 25. Rc2 Bxd4 (25... Bf6 $15) 26. Rxd4 $11 Kg7 27. b4 h5 28. Rc5 a5 {aiming for ...axb4.} 29. bxa6 $1 bxa6 30. g3 Qf6 31. Kg2 Rf8 32. Rf4 Qe5 33. Rxf8 Kxf8 {[%mdl 4096] Endgame KQ-KRB} 34. Bf3 Qb2 35. Ra5 Qxb4 36. Rxa6 Kg7 37. Ra7+ Kh6 38. Rd7 g5 39. Bxd5 g4 40. Rc7 Kg5 {...Qd6 is the strong threat.} 41. Rc4 Qb5 42. Rd4 h4 $2 (42... Kh6 $11) 43. gxh4+ $18 Kxh4 $2 {[#]} (43... Kh5 $18 44. Kg3 Qb8+ 45. Rf4 Qd6) 44. Bf3 $1 Qd7 {Precision: White = 66%, Black = 49%.} 1-0

[Event "Kupreichik Memorial Open 2018"]
[Site "Minsk"]
[Date "2018.06.21"]
[Round "1"]
[White "Fedorov, Alexei"]
[Black "Kruglikova, Viktorija"]
[Result "1-0"]
[WhiteElo "2577"]
[BlackElo "1839"]
[Annotator "TA"]
[PlyCount "77"]
[EventDate "2018.06.21"]
[EventCountry "BLR"]
[SourceTitle "playchess.com"]
[Source "ChessBase"]
[SourceQuality "1"]

{[%evp 9,77,18,18,5,10,8,17,17,17,-6,12,20,153,152,171,140,169,161,422,416,402,233,229,231,247,214,481,250,236,109,245,254,235,219,265,264,501,497,481,476,479,485,458,461,454,464,463,418,444,436,442,447,427,396,365,368,420,408,495,481,461,402,427,434,530,428,454,447,520,520]} 1. e4 c5 2. d3 Nc6 3. g3 d6 4. Bg2 Nf6 5. f4 e5 (5... g6 6. Nf3 Bg7 7. O-O O-O 8. h3 Ne8 9. c3 f5 10. Be3 Nf6 11. Nbd2 Qc7 12. a3 a5 13. a4 Kh8 14. Re1 e5 15. exf5 exf4 16. Bxf4 {½-½ (48) Gofshtein,L (2540)-Erdogdu,M (2513) Ankara 2010}) 6. Nf3 {B20: Sicilian: Unusual White 2nd moves} Be7 7. O-O O-O 8. Nc3 {The position is equal.} a6 9. h3 b5 $146 ({Predecessor:} 9... Rb8 10. g4 b5 11. g5 Nd7 12. f5 Nb6 13. h4 {1-0 (37) Nicolo,F (2066)-Quagliarella,S (1838) Milan 2014}) 10. g4 {[%cal Bg3g4,Bg4g5,Bg5g6][%mdl 32]} Qb6 (10... exf4 $11 11. Bxf4 Be6) 11. g5 $1 $36 {[%cal Rg5f6][%mdl 2048] White is on the roll.} Nd7 12. Nd5 Qd8 13. f5 f6 $2 (13... Kh8 {was necessary.} 14. Be3 Bb7) 14. g6 $18 h6 15. Nh2 (15. Nh4 $142) 15... Re8 16. Qh5 Bf8 17. Ng4 Nb4 $2 (17... Bb7 18. Bxh6 gxh6) 18. Bxh6 (18. Rf3 $142 {[%cal Rc1h6] Intending Bxh6! and mate.} Nxd5 19. exd5) 18... gxh6 19. Nde3 (19. Rf3 $18 {is more deadly. Threatening mate with g7.} Re7 20. Nxe7+ (20. Nxh6+ Bxh6 21. Nxb4 cxb4 $11) 20... Qxe7 21. c3 (21. Nxh6+ Bxh6 22. Qxh6 Nxc2 $15)) 19... Qe7 {[#]} (19... Bb7 $16) 20. a3 $1 (20. Nxh6+ Bxh6 21. Qxh6 Qg7 $11) 20... Nc6 {[#]} 21. Nd5 $1 {[%cal Rd5e7]} ({Worse is} 21. Nxh6+ Bxh6 22. Qxh6 Qg7 $11) 21... Qg7 22. Qh4 Bb7 $2 (22... Kh8 {was worth a try.} 23. Nc7 (23. Ndxf6 Nxf6 24. Qxf6 Be7 $11) 23... Bb7) 23. Ndxf6+ Nxf6 24. Nxf6+ Kh8 25. Nh5 Qg8 {[#]} 26. g7+ $1 {[%mdl 512]} Bxg7 {aiming for ...Qf7.} 27. f6 Bxf6 28. Nxf6 Qg5 29. Qxg5 hxg5 30. Nxe8 Rxe8 31. Rf7 Bc8 32. Raf1 Kg8 33. R7f6 Be6 34. Rg6+ Kh7 35. Rxg5 Nd4 36. Rf2 {White is clearly winning.} c4 37. Bf1 cxd3 38. Bxd3 Kh6 39. h4 {Precision: White = 65%, Black = 37%.} 1-0

[Event "Kupreichik Memorial Open 2018"]
[Site "Minsk"]
[Date "2018.06.21"]
[Round "1"]
[White "Arzumanian, Georgy"]
[Black "Masjuk, Vladimir"]
[Result "1-0"]
[WhiteElo "2474"]
[BlackElo "1829"]
[Annotator "TA"]
[PlyCount "72"]
[EventDate "2018.06.21"]
[EventCountry "BLR"]
[SourceTitle "playchess.com"]
[Source "ChessBase"]
[SourceQuality "1"]

{[%evp 9,72,0,40,30,15,17,17,14,15,11,5,-25,20,20,80,61,87,75,77,40,98,45,68,44,110,0,0,0,81,50,129,129,375,361,520,534,529,529,723,722,701,679,810,810,779,744,828,789,1061,1008,1035,881,1394,1355,1974,1900,29997,29995,29998,29996,29996,29997,29997,29998,29999]} 1. d4 Nf6 2. Bf4 d6 3. Nc3 Bf5 (3... g6 4. Qd2 c6 5. e4 b5 6. f3 Nbd7 7. Nge2 Nb6 8. Ng3 h5 9. Be2 Bg7 10. O-O h4 11. Nh1 h3 12. g4 a5 13. Ng3 Ba6 {1-0 (71) Aronian,L (2805)-Demchenko,A (2660) Riadh 2017}) 4. g3 $146 ({Predecessor:} 4. f3 d5 5. e3 e6 6. Qd2 c5 7. O-O-O cxd4 8. exd4 Nc6 9. g4 Bg6 10. Bd3 Rc8 11. Nge2 Bb4 12. a3 Be7 13. Bxg6 hxg6 {½-½ (45) Zhu,J (2288)-Martinez Martin,D (2411) Las Vegas 2016}) 4... Nbd7 5. Bg2 c6 6. e4 {A45: Trompowsky Attack} Bg6 7. Nge2 e5 8. Be3 {The position is equal.} Be7 9. O-O O-O 10. h3 Qc7 11. f4 exf4 (11... h6 $11 {remains equal.}) 12. gxf4 Bh5 13. Qd2 Bxe2 14. Qxe2 Nb6 ({Black should play} 14... g6 $14) 15. Bf2 ({Better is} 15. a4 $16) 15... Rad8 16. Bg3 Rfe8 ({Black should try} 16... g6 $14) 17. Qf3 (17. e5 $16) 17... Nc4 $11 18. Qe2 $36 {[%mdl 2048] White is more active.} b5 (18... Nb6 $11) 19. e5 dxe5 (19... Qb6 $14) 20. fxe5 $16 {[%cal Bf4e5,Be5f6][%mdl 32]} Bb4 $2 (20... Qd7 $16) 21. Rxf6 $18 gxf6 (21... Qb6 {was necessary.} 22. Rxc6 Qxd4+ 23. Bf2 Qxe5) 22. Qg4+ Kh8 {[#] ...Rg8 is the strong threat.} 23. exf6 {[%csl Gf6][%cal Rg4g7]} Qxg3 24. Qxg3 {[%csl Gf6][%cal Rg3g7]} Rg8 25. Qf2 Rg5 26. Ne4 Rg6 27. c3 {[%cal Bc2c3,Bc3c4][%mdl 32]} Ba5 28. Kh1 b4 29. b3 Nd6 30. Re1 {And now Nxd6 would win.} Nb5 31. c4 Nc3 {[#]} 32. Nd6 $1 Rxd6 33. Re8+ {White mates.} Rg8 34. Rxg8+ Kxg8 35. Qg3+ Kf8 36. Qxd6+ Ke8 {Precision: White = 53%, Black = 25%.} 1-0

[Event "Kupreichik Memorial Open 2018"]
[Site "Minsk"]
[Date "2018.06.21"]
[Round "1"]
[White "Shevchenko, Kirill"]
[Black "Pashkov, Vladimir M"]
[Result "1-0"]
[WhiteElo "2432"]
[BlackElo "1812"]
[Annotator "TA"]
[PlyCount "61"]
[EventDate "2018.06.21"]
[EventCountry "BLR"]
[SourceTitle "playchess.com"]
[Source "ChessBase"]
[SourceQuality "1"]

{[%evp 9,60,42,37,51,73,5,8,9,2,-3,6,0,0,0,18,4,6,0,8,4,4,0,66,66,56,66,78,91,94,89,119,119,128,94,141,106,151,92,110,98,157,142,433,375,500,481,29989,29990,29990,29991,29991,29992,29999]} 1. e4 c5 2. Nf3 Nc6 3. Bb5 Qc7 4. O-O e5 (4... a6 5. Bxc6 dxc6 6. d3 e5 7. a4 a5 8. Qe1 Ne7 9. Nh4 Ng6 10. Nxg6 hxg6 11. Na3 Be6 12. f4 exf4 13. Bxf4 Qb6 {0-1 (29) Plenkovic,Z (2415)-Kozul,Z (2596) Mali Losinj 2017}) 5. Re1 Nf6 {LiveBook: 3 Games} 6. c3 {B30: Sicilian: 2...Nc6 3 Bb5, lines without ...g6} Be7 7. h3 (7. d4 $16) 7... O-O 8. d3 $146 {The position is equal.} ({Predecessor:} 8. d4 cxd4 9. cxd4 exd4 10. Nxd4 Nxd4 11. Qxd4 Bc5 12. Qd3 a6 13. Ba4 {1-0 (59) Moskalets,S (2146)-Sulejmanova,A (2230) Nikolaev 2003}) 8... d6 9. Nbd2 h6 10. Nf1 a6 11. Ba4 b5 12. Bb3 Be6 13. Ne3 Na5 14. Bc2 Rfd8 15. d4 Rac8 (15... cxd4 $11 16. cxd4 Rac8) 16. d5 $14 Bd7 17. b3 {[%cal Bb2b3,Bb3b4][%mdl 32]} c4 18. b4 Nb7 19. a4 {[%cal Ba2a4,Ba4a5][%mdl 32]} Ra8 {[#]} 20. a5 $1 Re8 21. Nh2 Qc8 22. Qf3 Rf8 23. Nhf1 (23. Nf5 $142 Bxf5 24. exf5) 23... Nh7 24. Ng3 Ng5 (24... g6 $142) 25. Qh5 $16 Be8 $2 {[%mdl 8192]} (25... Nh7 $16 {was called for.}) 26. Nef5 Qd8 {[#]} 27. Nxg7 $1 {[%mdl 512]} Kxg7 (27... f5 $18) 28. Nf5+ {White mates.} Kg8 29. Qxh6 {[%csl Gf5][%cal Rh6g7]} Bf6 30. Bxg5 Bg7 31. Qxg7# {Precision: White = 68%, Black = 35%.} 1-0

[Event "Kupreichik Memorial Open 2018"]
[Site "Minsk"]
[Date "2018.06.21"]
[Round "1"]
[White "Nikitenko, Mihail"]
[Black "Tkachou, Viktar"]
[Result "1-0"]
[WhiteElo "2401"]
[BlackElo "1791"]
[Annotator "NA"]
[PlyCount "48"]
[EventDate "2018.06.21"]
[EventCountry "BLR"]
[SourceTitle "playchess.com"]
[Source "ChessBase"]
[SourceQuality "1"]
[TimeControl "900+10"]

1. e4 {[%emt 0:00:00]} c5 {[%emt 0:00:02]} 2. Nf3 {[%emt 0:00:00]} e6 {[%emt 0:00:02]} 3. d4 {[%emt 0:00:00]} cxd4 {[%emt 0:00:02]} 4. Nxd4 {[%emt 0:00:01]} a6 {[%emt 0:00:05]} 5. c4 {[%emt 0:00:03]} d6 {[%emt 0:00:05]} 6. Nc3 {[%emt 0:00:05]} Nf6 {[%emt 0:00:03]} 7. Be3 {[%emt 0:00:07]} Be7 {[%emt 0:00:03]} 8. Be2 {[%emt 0:00:01]} O-O {[%emt 0:00:40]} 9. O-O {[%emt 0:00:04]} Qc7 {[%emt 0:00:15]} 10. Rc1 {[%emt 0:00:03]} b6 {[%emt 0:00:03]} 11. f3 {[%emt 0:00:05]} Bb7 {[%emt 0:00:02]} 12. a3 {[%emt 0:00:06]} Nbd7 {[%emt 0:00:07]} 13. b4 {[%emt 0:00:02]} Rac8 {[%emt 0:00:27]} 14. Nb3 {[%emt 0:00:04]} Qb8 {[%emt 0:00:18]} 15. Qd2 {[%emt 0:00:10]} Qa8 {[%emt 0:00:28]} 16. Rfd1 {[%emt 0:00:58]} Rfe8 {[%emt 0:02:11]} 17. Bf4 {[%emt 0:01:01]} Ne5 {[%emt 0:02:07]} 18. Bxe5 {[%emt 0:00:39]} dxe5 {[%emt 0:00:01]} 19. Qe3 {[%emt 0:00:03]} a5 {[%emt 0:01:08]} 20. Na4 {[%emt 0:04:11]} axb4 {[%emt 0:02:20]} 21. Nxb6 {[%emt 0:00:02]} Qa7 {[%emt 0:00:06]} 22. axb4 {[%emt 0:00:04]} Bxb4 {[%emt 0:01:13]} 23. Ra1 {[%emt 0:01:00]} Bc5 {[%emt 0:01:05]} 24. Qxc5 {[%emt 0:01:11]} Ra8 1-0

[Event "Kupreichik Memorial Open 2018"]
[Site "Minsk"]
[Date "2018.06.21"]
[Round "1"]
[White "Zhukova, Natalia"]
[Black "Mialik, Uladzislau"]
[Result "1-0"]
[WhiteElo "2356"]
[BlackElo "1768"]
[Annotator "NA"]
[PlyCount "58"]
[EventDate "2018.06.21"]
[EventCountry "BLR"]
[SourceTitle "playchess.com"]
[Source "ChessBase"]
[SourceQuality "1"]
[TimeControl "900+10"]

1. c4 {[%emt 0:00:00]} g6 {[%emt 0:00:11]} 2. e4 {[%emt 0:00:00]} Bg7 {[%emt 0:00:03]} 3. d4 {[%emt 0:00:00]} d6 {[%emt 0:00:02]} 4. Nc3 {[%emt 0:00:00]} e5 {[%emt 0:00:05]} 5. Nge2 {[%emt 0:01:41]} exd4 {[%emt 0:00:09]} 6. Nxd4 {[%emt 0:00:02]} Ne7 {[%emt 0:00:01]} 7. h4 {[%emt 0:00:13]} Nbc6 {[%emt 0:01:43]} 8. Be3 {[%emt 0:00:02]} h6 {[%emt 0:03:51]} 9. Qd2 {[%emt 0:00:11]} f5 {[%emt 0:00:22]} 10. Nxc6 {[%emt 0:04:44]} Nxc6 {[%emt 0:00:37]} 11. O-O-O {[%emt 0:01:07]} fxe4 {[%emt 0:00:55]} 12. Nxe4 {[%emt 0:00:25]} Bf5 {[%emt 0:00:15]} 13. Ng3 {[%emt 0:00:09]} Qf6 {[%emt 0:01:18]} 14. Nxf5 {[%emt 0:03:23]} gxf5 {[%emt 0:00:02]} 15. g3 {[%emt 0:00:14]} O-O-O {[%emt 0:01:31]} 16. Bg2 {[%emt 0:00:10]} Rhe8 {[%emt 0:01:15]} 17. Qc2 {[%emt 0:00:32]} f4 {[%emt 0:01:51]} 18. gxf4 {[%emt 0:00:29]} Re7 {[%emt 0:00:20]} 19. Rd2 {[%emt 0:00:23]} Rde8 {[%emt 0:00:18]} 20. Qa4 {[%emt 0:00:46]} Nb8 {[%emt 0:01:56]} 21. Qxa7 {[%emt 0:00:17]} c6 {[%emt 0:00:12]} 22. Bh3+ {[%emt 0:00:26]} Nd7 {[%emt 0:00:43]} 23. Rhd1 {[%emt 0:01:54]} Qf7 {[%emt 0:00:45]} 24. Rc2 {[%emt 0:00:43]} Re6 {[%emt 0:00:33]} 25. Bxe6 {[%emt 0:00:35]} Rxe6 {[%emt 0:00:02]} 26. Qa3 {[%emt 0:00:05]} Kc7 {[%emt 0:00:11]} 27. Kb1 {[%emt 0:00:12]} h5 {[%emt 0:00:01]} 28. Rcd2 {[%emt 0:00:12]} Qf6 {[%emt 0:00:18]} 29. Qa5+ {[%emt 0:00:12]} Kc8 {[%emt 0:00:00]} 1-0

[Event "Kupreichik Memorial Open 2018"]
[Site "Minsk"]
[Date "2018.06.21"]
[Round "1"]
[White "Kalugin, Sergey G"]
[Black "Kolosovskaya, Olga"]
[Result "1-0"]
[WhiteElo "2334"]
[BlackElo "1747"]
[Annotator "NA"]
[PlyCount "75"]
[EventDate "2018.06.21"]
[EventCountry "BLR"]
[SourceTitle "playchess.com"]
[Source "ChessBase"]
[SourceQuality "1"]
[TimeControl "900+10"]

1. e4 {[%emt 0:00:00]} c5 {[%emt 0:00:01]} 2. Nf3 {[%emt 0:00:00]} e6 {[%emt 0:00:01]} 3. d4 {[%emt 0:00:00]} cxd4 {[%emt 0:00:01]} 4. Nxd4 {[%emt 0:00:00]} Nf6 {[%emt 0:00:02]} 5. Bd3 {[%emt 0:02:55]} Nc6 {[%emt 0:00:03]} 6. Nxc6 {[%emt 0:01:53]} bxc6 {[%emt 0:00:01]} 7. O-O {[%emt 0:00:02]} d5 {[%emt 0:00:06]} 8. Nd2 {[%emt 0:00:30]} Be7 {[%emt 0:00:03]} 9. c4 {[%emt 0:00:14]} O-O {[%emt 0:00:12]} 10. Qe2 {[%emt 0:00:09]} Bb7 {[%emt 0:00:51]} 11. b3 {[%emt 0:01:55]} a5 {[%emt 0:00:19]} 12. Bb2 {[%emt 0:00:05]} a4 {[%emt 0:00:09]} 13. Rfd1 {[%emt 0:00:37]} a3 {[%emt 0:00:36]} 14. Be5 {[%emt 0:00:06]} Nd7 {[%emt 0:00:24]} 15. Bg3 {[%emt 0:00:31]} d4 {[%emt 0:07:19]} 16. Nf3 {[%emt 0:01:03]} c5 {[%emt 0:00:04]} 17. e5 {[%emt 0:01:17]} g6 {[%emt 0:01:33]} 18. Be4 {[%emt 0:00:36]} Qb6 {[%emt 0:01:47]} 19. h4 {[%emt 0:00:22]} h5 {[%emt 0:01:56]} 20. Bf4 {[%emt 0:00:13]} Kg7 {[%emt 0:01:37]} 21. Bg5 {[%emt 0:00:22]} Bxg5 {[%emt 0:00:05]} 22. Nxg5 {[%emt 0:00:07]} Rae8 {[%emt 0:00:13]} 23. Nf3 {[%emt 0:03:12]} Nb8 {[%emt 0:00:05]} 24. Rac1 {[%emt 0:00:29]} Na6 {[%emt 0:00:58]} 25. Ng5 {[%emt 0:00:23]} Nb4 {[%emt 0:00:05]} 26. Rd2 {[%emt 0:01:20]} Bc6 {[%emt 0:00:02]} 27. Qf3 {[%emt 0:00:25]} Bxe4 {[%emt 0:00:18]} 28. Nxe4 {[%emt 0:00:02]} Qc7 {[%emt 0:00:17]} 29. Qf6+ {[%emt 0:00:07]} Kg8 {[%emt 0:00:08]} 30. Qg5 {[%emt 0:00:03]} Kg7 {[%emt 0:00:11]} 31. Nf6 {[%emt 0:00:02]} Re7 {[%emt 0:00:11]} 32. Nxh5+ {[%emt 0:00:02]} Kh7 {[%emt 0:00:03]} 33. Nf6+ {[%emt 0:00:08]} Kg7 {[%emt 0:00:01]} 34. Re1 {[%emt 0:00:17]} Nc6 {[%emt 0:00:32]} 35. Rd3 {[%emt 0:00:14]} Nb4 {[%emt 0:00:29]} 36. Rg3 {[%emt 0:00:13]} d3 {[%emt 0:00:01]} 37. h5 {[%emt 0:00:06]} d2 {[%emt 0:00:03]} 38. Qxd2 {[%emt 0:00:15]} 1-0

[Event "Kupreichik Memorial Open 2018"]
[Site "Minsk"]
[Date "2018.06.21"]
[Round "1"]
[White "Nomin-Erdene, Davaademberel"]
[Black "Shvedau, Mikhail"]
[Result "1-0"]
[WhiteElo "2312"]
[BlackElo "1742"]
[Annotator "NA"]
[PlyCount "97"]
[EventDate "2018.06.21"]
[EventCountry "BLR"]
[SourceTitle "playchess.com"]
[Source "ChessBase"]
[SourceQuality "1"]
[TimeControl "900+10"]

1. e4 {[%emt 0:00:00]} d5 {[%emt 0:00:01]} 2. exd5 {[%emt 0:00:00]} Qxd5 {[%emt 0:00:01]} 3. Nc3 {[%emt 0:00:00]} Qd6 {[%emt 0:00:02]} 4. d4 {[%emt 0:00:00]} Nf6 {[%emt 0:00:03]} 5. Nf3 {[%emt 0:00:02]} Bg4 {[%emt 0:00:05]} 6. Be2 {[%emt 0:01:24]} e6 {[%emt 0:00:13]} 7. h3 {[%emt 0:01:19]} Bh5 {[%emt 0:00:06]} 8. g4 {[%emt 0:00:29]} Bg6 {[%emt 0:00:09]} 9. Ne5 {[%emt 0:00:03]} Nd5 {[%emt 0:01:06]} 10. Nb5 {[%emt 0:02:09]} Qd8 {[%emt 0:01:09]} 11. Nxg6 {[%emt 0:01:47]} hxg6 {[%emt 0:01:07]} 12. c4 {[%emt 0:00:08]} Nf6 {[%emt 0:00:46]} 13. Bf4 {[%emt 0:03:01]} Bb4+ {[%emt 0:00:28]} 14. Bd2 {[%emt 0:00:01]} Bxd2+ 15. Qxd2 {[%emt 0:00:01]} c6 {[%emt 0:01:04]} 16. Nc3 {[%emt 0:00:03]} Nbd7 {[%emt 0:00:24]} 17. O-O-O {[%emt 0:00:17]} Nb6 {[%emt 0:00:27]} 18. g5 {[%emt 0:01:16]} Nh5 {[%emt 0:02:23]} 19. d5 {[%emt 0:01:39]} cxd5 {[%emt 0:00:17]} 20. cxd5 {[%emt 0:00:06]} e5 {[%emt 0:01:46]} 21. Rhe1 {[%emt 0:00:29]} O-O {[%emt 0:00:42]} 22. Qe3 {[%emt 0:01:15]} Re8 {[%emt 0:00:53]} 23. Bxh5 {[%emt 0:00:35]} gxh5 {[%emt 0:00:02]} 24. Rg1 {[%emt 0:00:04]} g6 {[%emt 0:00:25]} 25. Ne4 {[%emt 0:00:19]} Nd7 {[%emt 0:00:35]} 26. Kb1 {[%emt 0:00:12]} Qe7 {[%emt 0:00:36]} 27. Qf3 {[%emt 0:00:36]} Kg7 {[%emt 0:00:36]} 28. Rc1 {[%emt 0:00:01]} Rac8 {[%emt 0:00:17]} 29. h4 {[%emt 0:00:19]} b6 {[%emt 0:00:27]} 30. Rc3 {[%emt 0:00:23]} Rxc3 {[%emt 0:00:07]} 31. Qxc3 {[%emt 0:00:01]} Nc5 {[%emt 0:00:19]} 32. Nf6 {[%emt 0:00:03]} Rc8 {[%emt 0:00:07]} 33. f4 {[%emt 0:00:28]} Qb7 {[%emt 0:01:45]} 34. Qxe5 {[%emt 0:00:08]} Kf8 {[%emt 0:00:24]} 35. Re1 {[%emt 0:00:24]} Nd3 {[%emt 0:00:21]} 36. Qe8+ {[%emt 0:00:04]} Kg7 {[%emt 0:00:11]} 37. Qe2 {[%emt 0:00:59]} Nxe1 {[%emt 0:00:15]} 38. Qxe1 {[%emt 0:00:02]} Qc7 {[%emt 0:00:49]} 39. Qd2 {[%emt 0:00:12]} Qc4 {[%emt 0:00:27]} 40. b3 {[%emt 0:00:36]} Qf1+ {[%emt 0:00:18]} 41. Kb2 {[%emt 0:00:01]} Qf3 {[%emt 0:00:14]} 42. d6 {[%emt 0:00:14]} Rd8 {[%emt 0:00:25]} 43. d7 {[%emt 0:00:01]} Qc6 {[%emt 0:00:12]} 44. Qd4 {[%emt 0:00:10]} Qg2+ {[%emt 0:00:05]} 45. Ka3 {[%emt 0:00:03]} Kf8 {[%emt 0:00:13]} 46. Qd6+ {[%emt 0:00:21]} Kg7 {[%emt 0:00:02]} 47. Ne8+ {[%emt 0:00:14]} Kg8 {[%emt 0:00:01]} 48. Qe7 {[%emt 0:00:03]} Qd5 {[%emt 0:00:26]} 49. Nf6+ {[%emt 0:00:03]} 1-0